000 01663nam1a22003131i 4500
001 rc\1753890
005 20260406103051.0
035 _a(NLR Aleph) 005283492
090 _a6121570
_c6121570
100 _a20061204d1902 |||y0rusy50 ca
101 0 _arus
102 _aRU
105 _ay b |||c|
200 1 _aНебывалая война
_eС ил. и в карикатурах
_eОчерк сост. по ист. документам бур. правительств и по др. офиц. источникам д-ром Энге, под ред. И.Ф. Василевского. [Вып. 1-2]
210 _aСанкт-Петербург
_cтип. МПС (т-ва И.Н. Кушнерев и К°)
_d1902
215 _a2 т.
_d20
300 _aАвт. установлен по изд.: Масанов И.Ф. Словарь псевдонимов... М., 1957. Т. 2
311 _a1 премия журн. "Стрекоза". 1902
316 _aЭкз. РНБ (1/409низ): припл. к журн. ... 1902, № 44-45
_5NLR: 1/409низ
422 0 _12001#$aСтрекоза$v1902
_tСтрекоза
482 0 _12001#$aСтрекоза$v1902, № 44-45
_tСтрекоза
700 1 _4220
_8rus
_7ca
_aШебуев
_bН. Г.
_f1874-1937
_gНиколай Георгиевич
_3RU\NLR\AUTH\7787377
_970305
702 1 _4340
_8rus
_7ca
_aВасилевский
_bИ. Ф.
_f1849-ок.1918
_gИпполит Федорович
_3RU\NLR\AUTH\7766098
_949027
801 0 _aRU
_bNLR
_c20061204
_gpsbo
801 0 _aRU
_bRuMoRGB
_c20061204
_2psbo
801 1 _aRU
_bProSoft-M
_c20061204
_2rusmarc
801 2 _aRU
_bNLR
_c20130826
_2rusmarc
852 _aNLR
_j1/409низ
942 _cBOOK